Trouvez le/la chanteur/chanteuse de la chanson - Statistiques

Statistiques générales
  • Ce quiz a été pris 178 fois
  • Le résultat moyen est 8 sur 15
Statistiques - réponses
Chanson Année de sortie Chanteur / chanteuse % Correct
Mamma Mia 1975 ABBA
84%
Baby One More Time 1998 Britney Spears
77%
Smells Like Teen Spirit 1991 Nirvana
74%
Wannabe 1996 Spice Girls
71%
One More Time 2000 Daft Punk
60%
Thunderstruck 1990 AC/DC
59%
Stayin' Alive 1977 Bee Gees
56%
Radioactive 2013 Imagine Dragons
56%
Gangsta's Paradise 1995 Coolio
53%
Another Brick In The Wall 1979 Pink Floyd
50%
Pomme C 2007 Calogero
47%
Bouge de là 1991 MC Solaar
47%
Suavemente 2022 Soolking
38%
Les Aventures de Gérard Lambert 1981 Renaud
23%
Les choses 2001 Jean-Jacques Goldman
9%
Aucun quiz correspondant
Distribution des résultats
% des personnes avec chaque résultat
Percentile par nombre de réponses
Votre historique - résultats
Vous n’avez pas pris ce quiz